00218 a2200097 450000100060000008200180000610000220002424500430004626000230008930000080011232096 a623.734821STI aStimson, George W aIntroduction to Airborne Radar, 2nd Ed aN.JbScitechc1998 a576